Holiday Quiz

Random Holiday or Food Quiz

Thanksgiving Foods By Image Quiz Stats

 Plays Quiz Updated Nov 26, 2015

Score 0/16 Timer 04:00
2 Plays Today
Column % Correct
Roast turkey
99.3%
Gravy
95.1%
Mashed potatoes
94.3%
Mac 'n' cheese
93.2%
Apple pie
92.8%
Dinner rolls
92.8%
Pumpkin pie
92.5%
Pecan pie
91.9%
Column % Correct
Cranberry sauce
88.3%
Cornbread
88%
Deviled Eggs
85.9%
Brussels sprouts
83.3%
Stuffing
82.2%
Green bean casserole
81.7%
Glazed Carrots
77.9%
Collard greens
44.9%

You're not logged in!

Compare scores with friends on all Sporcle quizzes.
OR
Log In

Show Comments

Extras

Top Quizzes Today


Score Distribution

Your Account Isn't Verified!

In order to create a playlist on Sporcle, you need to verify the email address you used during registration. Go to your Sporcle Settings to finish the process.

Report this User

Report this user for behavior that violates our Community Guidelines.

Details: